|
|
|
|
| LEADER |
00000nab a2200000 a 4500 |
| 001 |
vtls010255764 |
| 003 |
SK-MaSNL |
| 005 |
20260304155519.0 |
| 008 |
25050731c2007 xo o e slol |
| 015 |
|
|
|a SNBRB2007/12
|
| 035 |
|
|
|a SVKKK000087374
|
| 035 |
|
|
|a urn:nbn:sk:snk-abf65s
|
| 035 |
|
|
|a (urnnbn)urn:nbn:sk:snk:ar-001zbu
|
| 035 |
|
|
|a (uuid)86fef280-446b-4b19-ae77-f2e82fb96b02
|
| 038 |
|
|
|a SVKKK
|
| 040 |
|
|
|a SNKBUCL
|b slo
|c SNKBUCL
|e AACR2
|
| 041 |
0 |
|
|a slo
|
| 044 |
|
|
|a xo
|c SK
|
| 080 |
|
|
|a 551.444.6(048)
|2 1997
|
| 100 |
1 |
|
|a Bosák, Pavel,
|d 1951-
|4 aut
|9 219984
|
| 245 |
1 |
0 |
|a J. Zelinka, Ed.: 2nd International workshop on ice caves - proceedings. Demänovská dolina, Slovak Republic, May 8-12, 2006
|c Pavel Bosák
|
| 650 |
0 |
7 |
|a ľadové jaskyne
|2 snkbucl
|9 159444
|
| 773 |
0 |
|
|t Aragonit
|g Č. 12 (2007), s. 113-114
|x 1335-213X
|
| 850 |
|
|
|a Slovenská národná knižnica
|
| 852 |
|
|
|a Slovenská národná knižnica
|
| 954 |
|
|
|a odborná, vedecká literatúra pôvodná (slovenská)
|2 lita
|
| 958 |
|
|
|a article2022
|
| 958 |
|
|
|a RC
|
| 958 |
|
|
|a OND
|
| 958 |
|
|
|a EUIPO
|
| 999 |
|
|
|c 2962811
|d 2964741
|